| 000 | 00406nam a22001457a 4500 | ||
|---|---|---|---|
| 005 | 20180508140637.0 | ||
| 008 | 180508b xxu||||| |||| 00| 0 eng d | ||
| 020 | _a978-93-5014-546-3 | ||
| 041 | _aeng | ||
| 100 |
_aGUPTA, MADHVI _94292 |
||
| 245 | _aINSTALLATION MAINTENANCE AND REPAIR OF ELECTRICAL MACIENCES AND EQUIPMENTS | ||
| 260 |
_aNEW DELHI _bS.K. KATARIA AND SONS |
||
| 300 | _a498p, | ||
| 942 | _cBK | ||
| 999 |
_c5689 _d5687 |
||